000 00572nam a2200241Ia 4500
003 OSt
005 20221005120808.0
006 a|||||r|||| 00| 0
007 ta
008 221004b |||||||| |||| 00| 0 tel d
024 _a39850
037 _cTextual
040 _aCRL
_cCRL
_btel
041 _2tel
_atel
082 _aW6419.52, 35L8
100 _aVenkatadri
_9629661
245 0 _aFascism
260 _c1973
300 _a142p.
_ccm.
650 _aFASCISM
942 _hW6419.52, 35L8
_cTEXL
_2cc
999 _c1039149
_d1039149